• AIU
  • Tony Wilmot Memorial Library

Parsons, vestries and parishes : (Record no. 30776)

MARC details
000 -LEADER
fixed length control field 00505nam a22001691a 4500
003 - CONTROL NUMBER IDENTIFIER
control field NEGST
005 - DATE AND TIME OF LATEST TRANSACTION
control field 20110718130807.0
008 - FIXED-LENGTH DATA ELEMENTS--GENERAL INFORMATION
fixed length control field 030611s1964 nyu 001 0 eng d
100 1# - MAIN ENTRY--PERSONAL NAME
Personal name Lawrence, William Appleton.
245 10 - TITLE STATEMENT
Title Parsons, vestries and parishes :
Remainder of title a manual /
Statement of responsibility, etc William Appleton Lawrence.
Medium [Text]
260 ## - PUBLICATION, DISTRIBUTION, ETC. (IMPRINT)
Place of publication, distribution, etc New York
Name of publisher, distributor, etc Seabury Press
Date of publication, distribution, etc 1964
300 ## - PHYSICAL DESCRIPTION
Extent xii, 304p.
500 ## - GENERAL NOTE
General note Includes bibliography.
590 ## - LOCAL NOTE (RLIN)
Local note Accession number: 17614
650 #0 - SUBJECT ADDED ENTRY--TOPICAL TERM
Topical term or geographic name as entry element Church management.
Holdings
Withdrawn status Lost status Source of classification or shelving scheme Damaged status Not for loan Collection code Home library Current library Shelving location Date acquired Cost, normal purchase price Total Checkouts Full call number Barcode Date last seen Date checked out Copy number Price effective from Koha item type
    Library of Congress Classification Damaged (Being repaired in the Binding room)   General Circulation AIU/NEGST - Tony Wilmot Memorial Library AIU/NEGST - Tony Wilmot Memorial Library Processing Center 09/25/2009 23.70 1 BX 5965.L3 1961 R04378J3232 12/16/2025 09/10/2025 1 09/25/2009 Books